[Event "EU-ch University 1st"]
[Site "Yerevan"]
[Date "2015.10.07"]
[Round "2"]
[White "Aklanov, Fedor"]
[Black "Kanarek, Marcel"]
[Result "1-0"]
[WhiteElo "2311"]
[BlackElo "2520"]
[PlyCount "115"]
[EventDate "2015.10.07"]
[EventType "swiss"]
[EventRounds "9"]
[EventCountry "ARM"]
[SourceTitle "CBM 168 Extra"]
[Source "ChessBase"]
[SourceDate "2015.10.29"]
[SourceVersion "1"]
[SourceVersionDate "2015.10.29"]
[SourceQuality "1"]

1. e4 c5 2. Nc3 Nc6 3. g3 g6 4. Bg2 Bg7 5. d3 d6 6. Be3 Nf6 7. h3 0-0 8. Qd2 Rb8 9. Nge2 b5 10. 0-0 b4 11. Nd1 Nd7 12. f4 Ba6 13. Kh2 Nb6 14. a3 Qc8 15. axb4 cxb4 16. Rb1 f5 17. exf5 Rxf5 18. Bg1 e6 19. Ne3 Rf8 20. g4 d5 21. Kh1 Qd7 22. Bh2 Rbc8 23. Ng3 d4 24. Nd1 Nd5 25. Ne4 Nce7 26. Ra1 Bb5 27. b3 Rc6 28. Nb2 Ne3 29. Rfc1 Nxg2 30. Kxg2 Nd5 31. Nc4 Nc3 32. Re1 Ra6 33. Rxa6 Bxa6 34. Kg1 Nxe4 35. Rxe4 Bb7 36. Re1 Qd5 37. Re4 a5 38. Bg3 h5 39. Qd1 Kh7 40. g5 Rf5 41. h4 Rf8 42. Kh2 Ra8 43. Nb6 Qd8 44. Nxa8 Bxe4 45. dxe4 Qxa8 46. Qd3 a4 47. bxa4 Qxa4 48. f5 exf5 49. exf5 gxf5 50. Qxf5+ Kg8 51. g6 Qe8 52. Qxh5 Qc6 53. Qf5 b3 54. cxb3 Kh8 55. h5 Qe8 56. h6 Bxh6 57. Be5+ Kg8 58. Qf6 1-0

[Event "Sibiria Region-ch"]
[Site "Russia"]
[Date "2007.03.24"]
[Round "7"]
[White "Iskusnyh, Sergei"]
[Black "Aklanov, Fedor"]
[Result "1-0"]
[WhiteElo "2482"]
[BlackElo "2280"]
[PlyCount "113"]
[EventDate "2007.03.18"]
[EventType "swiss"]
[EventRounds "9"]
[EventCountry "RUS"]
[SourceTitle "EXT 2008"]
[Source "ChessBase"]
[SourceDate "2007.11.25"]
[SourceVersion "1"]
[SourceVersionDate "2007.11.25"]
[SourceQuality "1"]

1. d4 d5 2. c4 e6 3. Nf3 Nf6 4. g3 Be7 5. Bg2 0-0 6. 0-0 b6 7. cxd5 exd5 8. Nc3 Bb7 9. Bg5 Nbd7 10. Qb3 c6 11. Rad1 Re8 12. Rfe1 Qc7 13. Rc1 Qb8 14. Nh4 h6 15. Bd2 Nf8 16. Nf5 Ne6 17. e4 dxe4 18. Nxe4 Nxe4 19. Rxe4 Bg5 20. Bxg5 hxg5 21. Qc3 c5 22. d5 Nd4 23. Rxe8+ Qxe8 24. Nxd4 cxd4 25. Qxd4 Rd8 26. d6 Bxg2 27. Kxg2 Qe6 28. Rd1 Rd7 29. h3 f6 30. a4 Kf7 31. b4 Kg6 32. a5 bxa5 33. bxa5 Kf7 34. Qb4 Kg6 35. Rd4 Qe5 36. a6 Kf7 37. Qc4+ Qe6 38. Rd5 Kf8 39. Qc8+ Qe8 40. Qc2 Kf7 41. Rd4 Qe6 42. Qc6 Kg6 43. Qc2+ Kf7 44. Qd1 Kf8 45. Qc1 Kf7 46. Qc5 Kg6 47. h4 gxh4 48. Rxh4 Qe5 49. Rg4+ Kf7 50. Qc4+ Kf8 51. Qc8+ Qe8 52. Qc6 Qe6 53. Qa8+ Kf7 54. Re4 Rd8 55. Qxa7+ Rd7 56. Rxe6 Rxa7 57. Re7+ 1-0

[Event "Sibiria Region-ch"]
[Site "Russia"]
[Date "2007.03.22"]
[Round "5"]
[White "Loskutov, Oleg"]
[Black "Aklanov, Fedor"]
[Result "0-1"]
[WhiteElo "2397"]
[BlackElo "2280"]
[PlyCount "108"]
[EventDate "2007.03.18"]
[EventType "swiss"]
[EventRounds "9"]
[EventCountry "RUS"]
[SourceTitle "EXT 2008"]
[Source "ChessBase"]
[SourceDate "2007.11.25"]
[SourceVersion "1"]
[SourceVersionDate "2007.11.25"]
[SourceQuality "1"]

1. e4 e5 2. Nf3 Nc6 3. Bb5 a6 4. Ba4 Nf6 5. 0-0 Be7 6. Re1 b5 7. Bb3 d6 8. a3 0-0 9. c3 Na5 10. Ba2 c5 11. d4 Qc7 12. Nbd2 cxd4 13. cxd4 Bb7 14. d5 Rfc8 15. b4 Nc4 16. Nxc4 bxc4 17. Bb2 a5 18. Bc3 axb4 19. Bxb4 Nd7 20. Rc1 Ba6 21. Rc3 Bb5 22. Qd2 Nb6 23. Rc2 Qa7 24. Rec1 Rf8 25. Rb1 Ba4 26. Rc3 Rab8 27. Bxc4 Nxc4 28. Rxc4 f5 29. exf5 Rxf5 30. Rbc1 Qa6 31. Qe3 Bd8 32. Bxd6 Qxd6 33. Rxa4 Qxd5 34. Qe4 Qxe4 35. Rxe4 Ra8 36. a4 Rf4 37. Rxf4 exf4 38. Rc4 g5 39. h4 h6 40. hxg5 hxg5 41. Kh2 Kg7 42. Kh3 Kg6 43. Kg4 Bf6 44. Nd2 Be7 45. Ne4 Ra6 46. f3 Ra5 47. Rd4 Kf7 48. Kh5 Ke6 49. Nc3 Bf6 50. Re4+ Kf5 51. Nb5 Be5 52. Nd4+ Kf6 53. Nc6 Ra8 54. Nxe5 Rh8+ 0-1

[Event "RUS-ch U18"]
[Site "Nojabrsk"]
[Date "2005.04.08"]
[Round "3"]
[White "Aklanov, Fedor"]
[Black "Papin, Vasily"]
[Result "1/2-1/2"]
[WhiteElo "2172"]
[BlackElo "2440"]
[PlyCount "75"]
[EventDate "2005.04.06"]
[EventType "swiss"]
[EventRounds "9"]
[EventCountry "RUS"]
[SourceTitle "EXT 2006"]
[Source "ChessBase"]
[SourceDate "2005.11.24"]
[SourceVersion "1"]
[SourceVersionDate "2005.11.24"]
[SourceQuality "1"]

1. e4 c5 2. Nf3 e6 3. d4 cxd4 4. Nxd4 a6 5. c4 Nf6 6. Nc3 Bb4 7. f3 0-0 8. Be2 Qc7 9. 0-0 b6 10. Bg5 Ne8 11. Rc1 Bb7 12. Qd2 Bd6 13. f4 Bb4 14. Qd3 Nd6 15. Be7 Re8 16. Bxd6 Bxd6 17. e5 Bc5 18. Kh1 d6 19. exd6 Qxd6 20. Nb3 Qxd3 21. Bxd3 Be7 22. Be4 Bxe4 23. Nxe4 Nc6 24. c5 bxc5 25. Nbxc5 Nb4 26. a3 Nd5 27. b4 Reb8 28. Nb3 Bd8 29. Nec5 g6 30. g3 a5 31. Nd7 Rb7 32. Ndc5 Rb5 33. Nd4 Rb6 34. Na4 Rd6 35. Nb5 Rd7 36. Nc5 Re7 37. bxa5 Bxa5 38. Rb1 1/2-1/2

[Event "RUS-ch U18"]
[Site "Dagomys"]
[Date "2004.04.??"]
[Round "10"]
[White "Aklanov, Fedor"]
[Black "Evstratov, Oleg"]
[Result "1-0"]
[WhiteElo "2139"]
[BlackElo "2249"]
[PlyCount "70"]
[EventDate "2004.04.??"]
[EventType "swiss"]
[EventRounds "10"]
[EventCountry "RUS"]
[SourceTitle "EXT 2005"]
[Source "ChessBase"]
[SourceDate "2004.11.15"]
[SourceVersion "1"]
[SourceVersionDate "2004.11.15"]
[SourceQuality "1"]

1. e4 e5 2. Nf3 Nf6 3. Nxe5 d6 4. Nf3 Nxe4 5. d4 d5 6. Bd3 Be7 7. 0-0 Nd6 8. Bf4 0-0 9. Nbd2 Bg4 10. c3 Bh5 11. Qb3 c6 12. Bxd6 Qxd6 13. Qxb7 Nd7 14. Qb3 c5 15. Qc2 h6 16. dxc5 Nxc5 17. Bf5 Ne6 18. Rfe1 Rab8 19. Ne5 Bf6 20. Nd3 g6 21. Bxe6 fxe6 22. Qa4 g5 23. Qxa7 Bg6 24. Qe3 d4 25. cxd4 Bxd4 26. Ne4 Bxe3 27. Nxd6 Bd2 28. Re2 Rfd8 29. Ne5 Rxd6 30. Nxg6 Rxb2 31. Ne5 Rc2 32. Kf1 Rc5 33. Nf3 Ba5 34. h3 Kf7 35. g3 Kf6 1-0

[Event "RUS-ch U18"]
[Site "Dagomys"]
[Date "2004.04.??"]
[Round "2"]
[White "Aklanov, Fedor"]
[Black "Shkliar, Alexander"]
[Result "1/2-1/2"]
[WhiteElo "2139"]
[BlackElo "2310"]
[PlyCount "70"]
[EventDate "2004.04.??"]
[EventType "swiss"]
[EventRounds "10"]
[EventCountry "RUS"]
[SourceTitle "EXT 2005"]
[Source "ChessBase"]
[SourceDate "2004.11.15"]
[SourceVersion "1"]
[SourceVersionDate "2004.11.15"]
[SourceQuality "1"]

1. e4 e6 2. d4 d5 3. Nd2 Nf6 4. e5 Nfd7 5. Bd3 c5 6. c3 Nc6 7. Ne2 cxd4 8. cxd4 f6 9. Nf4 Nxd4 10. Qh5+ Ke7 11. exf6+ Nxf6 12. Ng6+ hxg6 13. Qxh8 Kf7 14. Qh4 e5 15. 0-0 e4 16. Bxe4 dxe4 17. Nxe4 Bf5 18. Bg5 Kg8 19. Be3 Ne6 20. Rfd1 Qe8 21. Rac1 Ng5 22. Bxg5 Qf7 23. a3 Nxe4 24. Be3 Be7 25. Qf4 Bg5 26. Qf3 Bxe3 27. Qxe3 Nf6 28. Qd4 Be4 29. Re1 Bc6 30. f3 a6 31. Re5 Re8 32. Rce1 Rxe5 33. Rxe5 Qb3 34. h4 Qf7 35. Qd8+ Qf8 1/2-1/2